A los mártires de España / por Paul Claudel ; [versión española... V. Solé de Sojo]
Descripción Física:
29 p. ; 35 cm
Otros Autores:
Solé i de Sojo, Vicenç, tr
MARC
| LEADER | 00000nam a2200000Ia 4500 | ||
|---|---|---|---|
| 001 | 7630 | ||
| 008 | 160829s1952 xx 000 0 cat d | ||
| 080 | |a FU-22-11 | ||
| 100 | 1 | |a Claudel, Paul, |d 1868-1955 |9 22789 | |
| 245 | 2 | |a A los mártires de España / por Paul Claudel ; [versión española... V. Solé de Sojo] | |
| 260 | |a Barcelona : |b Sección de Prensa de la Excma. Diputación Provincial de Barcelona, |c 1952 | ||
| 300 | |a 29 p. ; |c 35 cm | ||
| 590 | |a Edició numerada: exemplar núm. 178. | ||
| 590 | |a Text en castellà i francès | ||
| 700 | |a Solé i de Sojo, Vicenç, tr. |9 30744 | ||
| 710 | 1 | |a Barcelona (Catalunya : Província). |b Diputació |9 52408 | |
| 901 | |a Arxiu | ||
| 942 | |n 1 | ||
| 952 | |0 0 |1 0 |4 0 |6 FU2211 |7 1 |9 45505 |a Arxiu |b Arxiu |d 2016-12-01 |l 0 |o FU-22-11 |p 7630 |r 2016-12-01 00:00:00 |w 2016-12-01 |y ARXIU | ||
| 999 | |c 48670 |d 48670 | ||